Dnes navrhuje, zajtra zavrhuje. Nestála hospodárska politika vyvoláva nedôveru v stabilitu krajiny.

Vhodnosť vyššej, či nižšej prítomnosti štátu v ekonomike Slovenska v prechode k trhu. Potreby hospodárskej politiky (hlavne dlhodobá línia v jednote s krátkodobou flexibilitou, vysoká miera diferencovaného prístupu k hospodárskym subjektom, čas) a príklady ich nedostatočného zohľadnenia v inštitucio...

Descrizione completa

Salvato in:
Dettagli Bibliografici
Autore principale: Staněk, Peter
Altri autori: Bubeníková, A.
Natura: Capitolo di libro
Lingua:slovacco
Soggetti:
Tags: Aggiungi Tag
Nessun Tag, puoi essere il primo ad aggiungerne!!

MARC

LEADER 00000naa a2200000 4500
001 r012317
005 20220826094928.9
041 0 |a slo 
044 |a SK 
245 1 0 |a Dnes navrhuje, zajtra zavrhuje.  |b Nestála hospodárska politika vyvoláva nedôveru v stabilitu krajiny.  |c Peter Stanek, A. Bubeníková 
520 |a Vhodnosť vyššej, či nižšej prítomnosti štátu v ekonomike Slovenska v prechode k trhu. Potreby hospodárskej politiky (hlavne dlhodobá línia v jednote s krátkodobou flexibilitou, vysoká miera diferencovaného prístupu k hospodárskym subjektom, čas) a príklady ich nedostatočného zohľadnenia v inštitucionálnych a štruktúrnych zmenách, privatizácii, bankovníctve a reštrukturalizácii podnikového sektora, jeho oddĺženia atď. 
610 2 0 |a politika hospodárska 
610 2 0 |a intervencionizmus štátny 
610 2 0 |a transformácia 
610 2 0 |a trh 
610 2 0 |a Slovensko 
610 2 0 |a zmeny štruktúrne 
610 2 0 |a privatizácia 
610 2 0 |a bankovníctvo 
610 2 0 |a podnik 
100 1 |a Staněk, Peter 
700 1 |a Bubeníková, A.